Vitaminas para el amor = Monkey Business /

Comedia del cineasta norteamericano Howard Hawks (1896-1977), en la que el descubrimiento de una fórmula que procura retornar a la infancia ocasiona al protagonista no pocos contratiempos. Fue la única ocasión que Hawks dirigió a Marilyn Monroe (1926-1962), quien aparece en el cuarto sitio de los cr...

תיאור מלא

שמור ב:
מידע ביבליוגרפי
מחבר ראשי: Hawks, Howard (realización)
מחברים אחרים: Hecht, Ben (guión) (guión), Lederer, Charles (guión) (guión), Diamond, I.A.L. (guión) (guión), Krasner, Milton R. (fotógrafo) (fotógrafo), Harline, Leigh (música) (música), Grant, Cary (actuación) (actuación), Rogers, Ginger (actuación) (actuación), Coburn, Charles (actuación) (actuación)
פורמט: שקופית
שפה:אנגלית
יצא לאור: EUA : Twentieth Century Fox, 1980, c1952
סדרה:(Marilyn Monroe: La Colección ; 12)
(Marilyn Monroe: The Collection ; 12)
נושאים:
תגים: הוספת תג
אין תגיות, היה/י הראשונ/ה לתייג את הרשומה!

MARC

LEADER 00000ngm^a2200000^a^4500
001 000147687
005 20250521000000.0
009 20260310095955.168
037 |a Acervo ITESO - Biblioteca 
041 |a ING 
082 |a 810.  |b MAR V. 12 
100 |a Hawks, Howard  |e (realización) 
245 1 0 |a Vitaminas para el amor =  |b Monkey Business /  |c Realización de H. Hawks. 
264 4 |a EUA :  |b Twentieth Century Fox,  |c 1980, c1952 
264 2 |a EUA :  |b Twentieth Century Fox [distribución] :  |b Metro-Goldwyn-Mayer [distribución],  |c 2002, c2002 
300 |a 1 DVD región 4  |c (97 min.) 
336 |a imagen móvil bidimensional  |b tdi  |2 rdacontenido 
337 |a video  |b v  |2 rdamedio 
338 |a videodisco  |b vd  |2 rdasoporte 
440 1 |a (Marilyn Monroe: La Colección ;  |v 12) 
440 1 |a (Marilyn Monroe: The Collection ;  |v 12) 
520 |a Comedia del cineasta norteamericano Howard Hawks (1896-1977), en la que el descubrimiento de una fórmula que procura retornar a la infancia ocasiona al protagonista no pocos contratiempos. Fue la única ocasión que Hawks dirigió a Marilyn Monroe (1926-1962), quien aparece en el cuarto sitio de los créditos de producción -tras Cary Grant, Ginger Rogers y Charles Coburn- y quien un año después, a partir de 1953, se ubicaría como una de las estrellas del cine norteamericano. 
546 |a En inglés, con subtítulos opcionales: español, inglés, portugués 
546 |a Doblaje opcional: portugués 
649 |a XX 
650 |a Comedias Cinematográficas 
650 |a Películas de Ciencia-Ficción 
650 |a Cine Norteamericano -  |y 1950-1959 
650 |a Cine Norteamericano -  |y Siglo XX 
650 |a Cine en Blanco y Negro -  |z EUA 
700 |a Hecht, Ben  |e (guión) 
700 |a Lederer, Charles  |e (guión) 
700 |a Diamond, I.A.L.  |e (guión) 
700 |a Krasner, Milton R.  |e (fotógrafo) 
700 |a Harline, Leigh  |e (música) 
700 |a Grant, Cary  |e (actuación) 
700 |a Rogers, Ginger  |e (actuación) 
700 |a Coburn, Charles  |e (actuación) 
910 |a Fondo General 
920 |a Audiovisuales - DVDs 
940 |a Películas 
905 |a 308 
901 |a 0500092762  |b IT2  |c DVR  |u 20250521 
902 |a https://opac.biblio.iteso.mx/vufind/Record/000147687